[Event "Pfaeffikon Acrevis op 2nd"]
[Site "Pfaeffikon"]
[Date "2022.07.29"]
[Round "2"]
[White "Kassel, Walter"]
[Black "Radovcic, Branimir"]
[Result "0-1"]
[WhiteElo "1837"]
[BlackElo "1625"]
[PlyCount "50"]
[EventDate "2022.07.28"]
[EventType "swiss"]
[EventRounds "6"]
[EventCountry "SUI"]
[SourceTitle "EXT 2023"]
[Source "ChessBase"]
[SourceDate "2022.10.05"]
[SourceVersion "1"]
[SourceVersionDate "2022.10.05"]
[SourceQuality "1"]

1. e4 e5 2. Nf3 Nf6 3. Bc4 Nxe4 4. d3 Nf6 5. Nxe5 d5 6. Bb3 Be7 7. 0-0 0-0 8. Bg5 Nbd7 9. d4 c6 10. Nd2 Nxe5 11. dxe5 Nd7 12. Bxe7 Qxe7 13. Re1 Nxe5 14. Qe2 Qg5 15. Qxe5 Qxd2 16. Rad1 Qb4 17. Rd4 Qb6 18. Rh4 Bd7 19. Qh5 h6 20. c4 Rae8 21. Rxe8 Rxe8 22. h3 Re1+ 23. Kh2 Qxf2 24. cxd5 Qg1+ 25. Kg3 Re3+ 0-1

[Event "Adelboden op 8th"]
[Site "Adelboden"]
[Date "2021.12.12"]
[Round "5"]
[White "Zuellig, Flavian"]
[Black "Radovcic, Branimir"]
[Result "1-0"]
[WhiteElo "1373"]
[BlackElo "1669"]
[PlyCount "103"]
[EventDate "2021.12.10"]
[EventType "swiss"]
[EventRounds "5"]
[EventCountry "SUI"]
[SourceTitle "CBM 205 Extra"]
[Source "ChessBase"]
[SourceDate "2022.01.31"]
[SourceVersion "1"]
[SourceVersionDate "2022.01.31"]
[SourceQuality "1"]

1. d4 Nf6 2. c4 c5 3. d5 b5 4. cxb5 a6 5. bxa6 Bxa6 6. Nd2 Nxd5 7. e4 Bxf1 8. Nxf1 Nc7 9. Nd2 g6 10. Ngf3 Bg7 11. 0-0 0-0 12. Nb3 d6 13. Qc2 Nc6 14. Bd2 Nb5 15. Be3 Qb6 16. Rfd1 Rfb8 17. a3 Nxa3 18. Rxa3 Rxa3 19. bxa3 Qxb3 20. Qxb3 Rxb3 21. Bc1 Nd4 22. Nxd4 Bxd4 23. g3 f6 24. Kf1 Kf7 25. Ke2 Rc3 26. Kd2 Rf3 27. Ke1 Ke6 28. a4 Kd7 29. a5 Kc6 30. h4 h5 31. a6 Kb6 32. Bd2 Rb3 33. Ba5+ Kxa5 34. a7 Rb2 35. a8Q+ Kb4 36. Qb7+ Kc3 37. Rc1+ Kd3 38. Rd1+ Kc3 39. Qa6 Bxf2+ 40. Kf1 Bd4 41. Qa3+ Kc4 42. Rxd4+ Kxd4 43. Qxb2+ Kxe4 44. Qe2+ Kf5 45. Qxe7 g5 46. hxg5 fxg5 47. Qxd6 h4 48. gxh4 gxh4 49. Qd5+ Kg4 50. Qxc5 Kh3 51. Qg5 Kh2 52. Qg2# 1-0

[Event "Adelboden op 8th"]
[Site "Adelboden"]
[Date "2021.12.11"]
[Round "2"]
[White "Radovcic, Branimir"]
[Black "Madhavan, Kailash"]
[Result "1-0"]
[WhiteElo "1669"]
[BlackElo "1452"]
[PlyCount "75"]
[EventDate "2021.12.10"]
[EventType "swiss"]
[EventRounds "5"]
[EventCountry "SUI"]
[SourceTitle "CBM 205 Extra"]
[Source "ChessBase"]
[SourceDate "2022.01.31"]
[SourceVersion "1"]
[SourceVersionDate "2022.01.31"]
[SourceQuality "1"]

1. e4 c5 2. Nf3 e6 3. c3 Nc6 4. d4 cxd4 5. cxd4 Nf6 6. e5 Nd5 7. Bc4 Qa5+ 8. Bd2 Ndb4 9. 0-0 b5 10. Bb3 Qb6 11. d5 Nd4 12. d6 Nxb3 13. axb3 Nd5 14. Nc3 Bb7 15. Qe2 a6 16. Rfc1 Nb4 17. Nxb5 Nd5 18. Nc7+ Nxc7 19. Rxc7 Bc6 20. Rxa6 Qb8 21. Qc4 Be7 22. Rcxc6 Bd8 23. Rxa8 Qxa8 24. Rc8 Qa1+ 25. Qc1 Qa7 26. Qc7 Qa1+ 27. Be1 0-0 28. Rxd8 g6 29. Rxf8+ Kxf8 30. Qxd7 Qxb2 31. Qe7+ Kg7 32. Qf6+ Kf8 33. d7 Qd4 34. d8Q+ Qxd8 35. Qxd8+ Kg7 36. Qf6+ Kg8 37. Ng5 Kf8 38. Qxf7# 1-0